Portugal - Lisbonne - Statistiques

Statistiques générales
  • Ce quiz a été pris 55 fois
  • Le résultat moyen est 5 sur 15
Statistiques - réponses
Questions Réponses % Correct
Quel fleuve traverse Lisbonne ? Tage
89%
Quel club de foot emblématique de la ville est le plus titré ? SL Benfica
78%
Comment s'appelait le dictateur dont le nom était originellement attribué à ce pont ? Antonio Salazar
67%
Comment appelle-t-on les habitants de Lisbonne ? Lisboètes
64%
Comment se nomme le pont faisant face au Cristo Rei ? Pont du 25 Avril
40%
Quel est le nom de la pâtisserie traditionnelle de la ville ? Pastel de Belém
38%
En quelle année a eu lieu le séisme qui a détruit la ville ? 1755
36%
Comment se nomme le stade du club rival ? Estádio José Alvalade
36%
Quel célèbre écrivain portugais est né à Lisbonne ? Fernando Pessoa
22%
Comment se nomme le plus fameux centre commercial de la ville ? (qui est également le plus grand du Portugal) Colombo
20%
Comment s'appelle le "général sans peur" dont le nom de l'aéroport de la ville rend hommage ? Humberto Delgado
16%
Quel roi portugais dirige la reconquête de Lisbonne aux musulmans en 1147 ? Afonso Henriques
13%
Comment s'appelle le fameux festival de musique (fondé à Rio de Janeiro) se produisant chaque été à Lisbonne ? Rock in Rio
13%
Sebastião José de Carvalho e Melo, notamment connu pour son action dans la reconstruction de Lisbonne après le séisme, est plus connu sous quel titre ? Marquis de Pombal
11%
Quels animaux, appartenant à la même race, se trouvent sur le drapeau municipal de Lisbonne ? Corbeaux
2%
Aucun quiz correspondant
Distribution des résultats
% des personnes avec chaque résultat
Percentile par nombre de réponses
Votre historique - résultats
Vous n’avez pas pris ce quiz